书目信息 |
| 题名: |
探索人性,揭示生存困境
|
|
| 作者: | 曾思艺 著 | |
| 分册: | ||
| 出版信息: | 北京 中国社会科学出版社 2004 |
|
| 页数: | 309页 | |
| 开本: | 21cm | |
| 丛书名: | 比较文学与世界文学研究丛书 | |
| 单 册: | ||
| 中图分类: | I106-53 | |
| 科图分类: | ||
| 主题词: | 文学研究--世界--文集 | |
| 电子资源: | ||
| ISBN: | 7-5004-4945-3 | |
| 000 | 01425nam0 2200349 450 | |
| 000 | 01388nam0 2200337 450 | |
| 000 | 01386nam0 2200349 450 | |
| 000 | 01332nam0 2200325 450 | |
| 000 | 01317nam0 2200313 450 | |
| 000 | 01280nam0 2200301 45 | |
| 001 | TS2006042780 | |
| 005 | 20061226103020.93 | |
| 010 | @a7-5004-4945-3@dCNY22.00 | |
| 100 | @a20060829d2004 em y0chiy0110 ea | |
| 101 | 0 | @achi |
| 102 | @aCN@b110000 | |
| 105 | @ay z 000yy | |
| 200 | 1 | @a探索人性,揭示生存困境@ATan Suo Ren Xing, Jie Shi Sheng Cun Kun Jing@e文化视角的中外文学研究@EWen Hua Shi Jiao De Zhong Wai Wen Xue Yan Jiu@f曾思艺著@FZeng Si Yi Zhu |
| 210 | @a北京@c中国社会科学出版社@d2004 | |
| 215 | @a309页@d21cm | |
| 225 | 2 | @a比较文学与世界文学研究丛书 |
| 308 | @a丛书第二辑 | |
| 330 | @a本书从文学的视角,探讨了中外文学作品乃至文学现象、文学思潮等思想与艺术;从比较的角度探讨了中外文学乃至美学对人性的思索,指出了这些艺术家们如何探索人性、揭示人的生存困境,提出了不同于中外学者的独到见解。 | |
| 410 | 0 | @12001 @a比较文学与世界文学研究丛书 |
| 517 | 1 | @a文化视角的中外文学研究@AWen Hua Shi Jiao De Zhong Wai Wen Xue Yan Jiu |
| 606 | 0 | @a文学研究@y世界@x文集 |
| 690 | @aI106-53@v4 | |
| 701 | 0 | @a曾思艺@AZeng Si Yi@4著 |
| 801 | 0 | @aCN@b中图数据@c20061226 |
| 905 | @a10447@dI106-53@e172 | |
| 探索人性,揭示生存困境:文化视角的中外文学研究/曾思艺著.-北京:中国社会科学出版社,2004 |
| 309页;21cm.-(比较文学与世界文学研究丛书) |
| ISBN 7-5004-4945-3:CNY22.00 |
| 本书从文学的视角,探讨了中外文学作品乃至文学现象、文学思潮等思想与艺术;从比较的角度探讨了中外文学乃至美学对人性的思索,指出了这些艺术家们如何探索人性、揭示人的生存困境,提出了不同于中外学者的独到见解。 |
| ● |
| 相关链接 |
|
|
|
|
正题名:探索人性,揭示生存困境
索取号:I106-53/172
 
预约/预借
| 序号 | 登录号 | 条形码 | 馆藏地/架位号 | 状态 | 备注 |
| 1 | 0607603 | 206076039 | 第一样本阅览室/ [索取号:I106-53/172] | 在馆 | |
| 2 | 0607604 | 206076048 | 第二借阅区/ [索取号:I106-53/172] | 在馆 |